Νεοελληνική γλυπτική

Αποθηκεύτηκε σε:
Λεπτομέρειες βιβλιογραφικής εγγραφής
Κύριος συγγραφέας: Μυκονιάτης, Ηλίας Γ.
Μορφή: Βιβλίο
Γλώσσα:Greek
Δημοσίευση: Αθήνα : Εκδοτική Αθηνών, c1996
Σειρά:Ελληνική τέχνη
Θέματα:
Ετικέτες: Προσθήκη ετικέτας
Δεν υπάρχουν, Καταχωρήστε ετικέτα πρώτοι!

MARC

LEADER 00000cam a2200000 i 4500
001 1/99748
008 970120s1996 gr | ||| |||| | gre d
020 |a 9602133007 
035 |l 10102583 
035 |l 10017339 
040 |a GR-MY-UA  |b gre  |e aacr 
041 0 |a gre 
082 0 |a 730.9495  |2 (22) 
082 0 |a Π 700.495 
100 1 |a Μυκονιάτης, Ηλίας Γ. 
245 1 0 |a Νεοελληνική γλυπτική /   |c Ηλίας Μυκονιάτης.  
260 |a Αθήνα :   |b Εκδοτική Αθηνών,   |c c1996 
300 |a 238 σ.;   |b έγχρ. εικ.;   |c 29 εκ.  
490 1 |a (Ελληνική τέχνη)  
504 |a Βιβλιογραφία: σ. 231-232. Ευρετήριο.  
650 0 0 |a Sculpture, Greek. 
650 0 0 |a Sculpture, Modern  |z Greece  |y 19th century. 
650 0 0 |a Sculpture, Modern  |z Greece  |y 20th century. 
650 0 0 |a Sculpture, Greek  |x History  |y 19th century. 
650 0 0 |a Sculpture, Greek  |x History  |y 20th century. 
650 0 0 |a Art, Greek. 
650 0 0 |a Art  |z Greece. 
830 0 |a Ελληνική τέχνη 
852 |a INST  |b LEMNOS  |e 20100419  |h 709.495 MYK  |p 005600000208  |q 005600000208  |t REF  |y 23 
852 |a INST  |b LESVOS  |e 19970120  |h 700.495 ΜΥΚ  |p 005100012249  |q 005100012249  |t REF  |y 23 
852 |a INST  |b RHODES  |e 19980605  |h 700.495 ΜΥΚ  |p 005400006274  |q 005400006274  |t REF  |y 23 
852 |a INST  |b SYROS  |e 20081217  |h 730.9495 MΥΚ  |p 005500008807  |q 005500008807  |t BK  |y 0 
901 |a BIBL5-2008-3 
901 |a BIBL6-2010-1 
901 |a BIBL-1998-2 
922 |a 5ΕΛΗ  |b 200711  |c ΕΠΕΑΕΚ2/ΤΜΣΠΣ  |d Σ. Πατάκης 
922 |a 6ΕΛΗ  |b 200911  |c ΤΑΚ/ΤΕΤΔ  |d Best Book Hunters 
922 |a 4ΕΛΗ  |b 199802  |c ΚΠΣ/Ν  |d Emvasis 
950 |a 147-1996-11-26 
970 |a Καγιαβά  |b Ειρήνη  |z 2008/12/17